000 00315 a2200157 4500
001 161494
020 _a
040 _cMagnum
100 _aRocha, Natercia
240 1 0 _aUm gato sem nome
_lpor
245 1 0 _aUm gato sem nome
362 0 _a1899
440 1 _aMelhoramentos
697 _aIJ/GERAL
942 _cBK
999 _c161494
_d161494